[Event "Spring Open 2024"]
[Site "?"]
[Date "2024.02.18"]
[Round "4"]
[White "Hurn, Robert"]
[Black "Penny, Liam"]
[Result "1/2-1/2"]
[WhiteElo "1513"]
[BlackElo "1742"]
[PlyCount "41"]
[SourceVersionDate "2024.04.24"]

1. d4 d5 2. c4 e6 3. Nc3 Nf6 4. cxd5 exd5 5. Bg5 c6 6. e3 Be7 7. Qc2 h6 8. Bh4 O-O 9. Bd3 Re8 10. Nge2 Ne4 11. Bxe7 Qxe7 12. O-O Bf5 13. Rae1 Nd7 14. Nc1 Qg5 15. Nb3 Nd6 16. Bxf5 Qxf5 17. Qxf5 Nxf5 18. Nd2 Nd6 19. f3 Nf5 20. Kf2 Re6 21. g4 1/2-1/2

[Event "Spring Open 2024"]
[Site "?"]
[Date "2024.02.18"]
[Round "4"]
[White "Williams, John"]
[Black "Jones, Steve"]
[Result "0-1"]
[WhiteElo "1348"]
[BlackElo "1686"]
[PlyCount "56"]
[SourceVersionDate "2024.04.24"]

1. b3 c5 2. Bb2 Nf6 3. e3 Nc6 4. Nf3 d6 5. d4 cxd4 6. Nxd4 e6 7. Bb5 Bd7 8. O-O Be7 9. c4 O-O 10. Nd2 a6 11. Bxc6 bxc6 12. e4 c5 13. Nc2 Qc7 14. Ne3 Bc6 15. Qf3 Bd8 16. Rac1 Nxe4 17. Bxg7 Kxg7 18. Nxe4 f5 19. Qg3+ Kh8 20. Qxd6 Rg8 21. Qxc7 Bxc7 22. Nxc5 f4 23. Nxe6 fxe3 24. f3 Be5 25. Rfe1 Rae8 26. Nc5 Bxf3 27. g3 Bd4 28. Nd3 Be4 0-1

[Event "Spring Open 2024"]
[Site "?"]
[Date "2024.02.18"]
[Round "4"]
[White "Ramzan, Timur"]
[Black "Quinn, Peter"]
[Result "0-1"]
[WhiteElo "1166"]
[BlackElo "1632"]
[PlyCount "62"]
[SourceVersionDate "2024.04.24"]

1. d4 c6 2. c4 Nf6 3. Nf3 d6 4. Nc3 Bg4 5. e3 Nbd7 6. Be2 e5 7. h3 Bxf3 8. Bxf3 Be7 9. d5 c5 10. O-O O-O 11. e4 h6 12. Re1 a6 13. a4 Rb8 14. Be3 Nh7 15. b3 Bg5 16. Qd3 Bxe3 17. Qxe3 Nhf6 18. Ne2 Kh7 19. Kh2 b6 20. Rab1 Rb7 21. g4 Qe7 22. Rg1 g6 23. g5 Ng8 24. Bh1 h5 25. f4 exf4 26. Nxf4 Qe5 27. h4 Ne7 28. Rge1 f6 29. Qg3 fxg5 30. Ne6 Rf2+ 31. Kh3 g4+ 0-1

[Event "Spring Open 2024"]
[Site "?"]
[Date "2024.02.18"]
[Round "4"]
[White "Evans, Andrew"]
[Black "Richards, Gareth"]
[Result "0-1"]
[WhiteElo "1585"]
[BlackElo "1146"]
[PlyCount "40"]
[SourceVersionDate "2024.04.24"]

1. e4 e5 2. Nf3 Nc6 3. Bb5 Nge7 4. O-O g6 5. c3 Bg7 6. d3 O-O 7. Be3 d5 8. exd5 Nxd5 9. Bc5 Re8 10. h3 Bf5 11. Nbd2 Nf4 12. Ne4 a6 13. Bxc6 bxc6 14. Ba3 Qxd3 15. Nc5 Qd5 16. Qa4 Nxh3+ 17. Kh1 Nf4 18. Rad1 Nd3 19. Nxd3 Bxd3 20. Qh4 Qc4 0-1

[Event "Spring Open 2024"]
[Site "?"]
[Date "2024.02.18"]
[Round "4"]
[White "Jakubiak, Krzysztof"]
[Black "McGrath, Ethan"]
[Result "0-1"]
[WhiteElo "1568"]
[BlackElo "883"]
[PlyCount "86"]
[SourceVersionDate "2024.04.24"]

1. e4 c6 2. d4 d5 3. exd5 cxd5 4. c4 e6 5. Nc3 Bb4 6. Nf3 Nf6 7. cxd5 Nxd5 8. Bd2 Bxc3 9. Bxc3 Nxc3 10. bxc3 Qc7 11. Rc1 O-O 12. Bd3 b6 13. O-O Bb7 14. Bxh7+ Kxh7 15. Ng5+ Kh6 16. Qg4 g6 17. Qh4+ Kg7 18. Qh7+ Kf6 19. Qh6 Ke7 20. Rfe1 Qf4 21. g3 Qf6 22. Nh7 Qf3 23. Qxf8+ Kd7 24. Kf1 Qh1+ 25. Ke2 Qf3+ 26. Kd2 Qxf2+ 27. Re2 Qf5 28. Qg7 Nc6 29. Qf6 Qxf6 30. Nxf6+ Ke7 31. Nd5+ Kd6 32. Nb4 Na5 33. Rf1 Rf8 34. Ref2 f5 35. Re1 Nc4+ 36. Kd3 b5 37. Rfe2 Be4+ 38. Rxe4 fxe4+ 39. Kxe4 Nd2+ 40. Ke3 Nf1+ 41. Ke4 Nxh2 42. d5 exd5+ 43. Nxd5 Re8+ 0-1

[Event "Spring Open 2024"]
[Site "?"]
[Date "2024.02.18"]
[Round "4"]
[White "Teisar, Vince"]
[Black "Tomaszewski, Tomasz"]
[Result "1-0"]
[WhiteElo "1200"]
[BlackElo "1834"]
[PlyCount "83"]
[SourceVersionDate "2024.04.24"]

1. d4 c6 2. Bf4 d5 3. e3 Bf5 4. Nd2 e6 5. c3 Bd6 6. Bg3 Nf6 7. Ngf3 O-O 8. Qb3 b6 9. Nh4 Ne4 10. Nxf5 Nxd2 11. Kxd2 exf5 12. Bd3 g6 13. Rae1 Bxg3 14. hxg3 c5 15. Qd1 Nd7 16. Bxf5 Nf6 17. Bc2 Ne4+ 18. Bxe4 dxe4 19. Rh6 Kg7 20. Reh1 Rh8 21. Qg4 f5 22. Qf4 Qe7 23. Qh4 Qxh4 24. R6xh4 h5 25. dxc5 Rad8+ 26. Kc2 bxc5 27. Rd1 Rxd1 28. Kxd1 Rd8+ 29. Kc2 c4 30. Rh1 Kf6 31. Rd1 Rd3 32. b3 cxb3+ 33. axb3 Rxd1 34. Kxd1 Ke5 35. c4 g5 36. Kc2 a5 37. Kc3 f4 38. gxf4+ gxf4 39. exf4+ Kxf4 40. Kd4 e3 41. fxe3+ Kg3 42. c5 1-0

[Event "Spring Open 2024"]
[Site "?"]
[Date "2024.02.18"]
[Round "4"]
[White "Gale, Michael"]
[Black "Williams, Stephen"]
[Result "1/2-1/2"]
[WhiteElo "1644"]
[BlackElo "1506"]
[PlyCount "119"]
[SourceVersionDate "2024.04.24"]

1. e4 e6 2. d4 d5 3. Nc3 Nf6 4. Bd3 c5 5. exd5 cxd4 6. Bb5+ Bd7 7. Bxd7+ Qxd7 8. Qxd4 Nc6 9. Qa4 Nxd5 10. Nge2 Nb6 11. Qb5 Nb4 12. Qxd7+ Kxd7 13. Kd1 Bc5 14. a3 N4d5 15. Ne4 Be7 16. N2c3 h6 17. Ke2 f5 18. Nxd5 Nxd5 19. Ng3 Rac8 20. c3 Bd6 21. Rd1 Ke7 22. Nxf5+ exf5 23. Rxd5 Ke6 24. Rd3 Rhd8 25. Be3 b6 26. Rad1 Be7 27. Rxd8 Bxd8 28. h3 h5 29. Kf3 a6 30. Bf4 Be7 31. Re1+ Kf7 32. Be5 g6 33. Bd4 b5 34. Kf4 Rc6 35. f3 Bd6+ 36. Be5 Rc4+ 37. Kg3 h4+ 38. Kf2 Bc5+ 39. Kf1 Be7 40. Bd4 Bd6 41. Be5 Be7 42. Rd1 Ke6 43. Bd4 Rc6 44. Re1+ Kf7 45. Re5 Bd6 46. Re2 Be7 47. Kf2 Bd6 48. Kf1 Be7 49. Bf2 Rc4 50. Rd2 Ke6 51. Rd4 Rxd4 52. cxd4 Kd5 53. Ke2 Kc4 54. Kd1 Bf6 55. Kd2 f4 56. Kc2 g5 57. b3+ Kd5 58. Kd3 Be7 59. b4 Bf6 60. Be1 1/2-1/2

[Event "Spring Open 2024"]
[Site "?"]
[Date "2024.02.18"]
[Round "4"]
[White "Larg, Richard"]
[Black "Powell-Jones, Liam"]
[Result "0-1"]
[WhiteElo "1557"]
[BlackElo "1338"]
[PlyCount "64"]
[SourceVersionDate "2024.04.24"]

1. d4 Nf6 2. c4 g6 3. Nc3 d5 4. e3 Bg7 5. Bd3 O-O 6. cxd5 Nxd5 7. Nxd5 Qxd5 8. Qf3 Qd6 9. b3 c5 10. Ba3 Nd7 11. Ne2 Rb8 12. Bb5 Qb6 13. Bxd7 Qa5+ 14. Kf1 Qxa3 15. Bxc8 Rfxc8 16. g3 cxd4 17. exd4 Rc2 18. Qf4 Rbc8 19. Qe4 Qb2 20. Re1 Rd2 21. Qxb7 Rcc2 22. Qxe7 Qxa2 23. f4 Qxb3 24. Qd8+ Bf8 25. Qa8 Qd3 26. Qg2 a5 27. d5 a4 28. d6 Bxd6 29. Qa8+ Bf8 30. Qxa4 Rxe2 31. Qa8 Rxe1+ 32. Kxe1 Qe2# 0-1

[Event "Spring Open 2024"]
[Site "?"]
[Date "2024.02.18"]
[Round "4"]
[White "Mckenna, Joshua"]
[Black "Anandkumar, Govind"]
[Result "0-1"]
[WhiteElo "1534"]
[BlackElo "1209"]
[PlyCount "108"]
[SourceVersionDate "2024.04.25"]

1. e4 e6 2. d4 d5 3. Nc3 Nf6 4. Bg5 Bb4 5. e5 h6 6. Be3 Nfd7 7. Qg4 Bf8 8. Bd3 c5 9. Nb5 Nc6 10. c3 c4 11. Bc2 a6 12. Nd6+ Bxd6 13. Qxg7 Bxe5 14. dxe5 Ke7 15. Bxh6 Qg8 16. g3 Qxg7 17. Bxg7 Rg8 18. Bf6+ Nxf6 19. exf6+ Kxf6 20. Nf3 e5 21. h4 Bf5 22. Bxf5 Kxf5 23. O-O-O Rad8 24. Kc2 Kg4 25. Ng5 Rg7 26. Rhg1 e4 27. Rdf1 Ne5 28. Kd1 Rd6 29. Ke2 Rf6 30. Rd1 Nd3 31. b3 b5 32. Rgf1 Rf5 33. f3+ exf3+ 34. Nxf3 Kh5 35. g4+ Rxg4 36. bxc4 bxc4 37. Rb1 Rf6 38. Rb8 Re6+ 39. Kd1 Rg2 40. Rh8+ Kg4 41. Rg8+ Rg6 42. Rd8 Rxa2 43. Rxd5 Ra1+ 44. Ke2 Re6+ 45. Ne5+ Rxe5+ 46. Rxe5 Rxf1 47. Re4+ Rf4 48. Re8 Kxh4 49. Ra8 Rf2+ 50. Ke3 Ra2 51. Ra7 f5 52. Rc7 f4+ 53. Kf3 Rc2 54. Rxc4 Ne5+ 0-1

[Event "Spring Open 2024"]
[Site "?"]
[Date "2024.02.18"]
[Round "4"]
[White "Kong, Emma Zihan"]
[Black "Prabhu, Suraj"]
[Result "1-0"]
[WhiteElo "1314"]
[BlackElo "1526"]
[PlyCount "95"]
[SourceVersionDate "2024.04.25"]

1. d4 Nf6 2. c4 e6 3. Nf3 Bb4+ 4. Bd2 Qe7 5. a3 Bxd2+ 6. Nbxd2 a5 7. e3 b6 8. Rc1 d6 9. c5 bxc5 10. dxc5 dxc5 11. Qc2 Nbd7 12. Nb3 Bb7 13. Nxc5 Nxc5 14. Qxc5 Qxc5 15. Rxc5 Bxf3 16. gxf3 Kd7 17. Rg1 Kd6 18. Rc2 g6 19. Rg5 e5 20. Rd2+ Ke7 21. Rxe5+ Kf8 22. Bb5 Kg7 23. Re7 c5 24. Bc4 Rhf8 25. Rd6 Rab8 26. Rd2 Rbe8 27. Rxe8 Rxe8 28. a4 Re5 29. Kf1 Rf5 30. f4 Ng4 31. h3 Nf6 32. f3 Ne8 33. Rd7 Rf6 34. Ra7 Nd6 35. b3 Nxc4 36. bxc4 Rb6 37. Rxa5 Rb4 38. Rxc5 Rxa4 39. Kg2 Kf6 40. Kg3 h5 41. Rc7 Ra3 42. e4 Ke6 43. c5 Rc3 44. c6 f6 45. Rg7 Rxc6 46. Rxg6 Rc1 47. Kh4 Rh1 48. Rg3 1-0

[Event "Spring Open 2024"]
[Site "?"]
[Date "2024.02.18"]
[Round "4"]
[White "Norris, David"]
[Black "Rhydderch, Sam"]
[Result "0-1"]
[WhiteElo "1556"]
[BlackElo "894"]
[PlyCount "48"]
[SourceVersionDate "2024.04.25"]

1. e4 c6 2. d4 d5 3. Nc3 dxe4 4. Nxe4 Nf6 5. Nxf6+ exf6 6. Be3 Bd6 7. Bd3 O-O 8. Ne2 Be6 9. Nf4 Re8 10. O-O Nd7 11. c4 Qc7 12. Qf3 Nf8 13. h4 b6 14. Nh5 c5 15. d5 Bd7 16. Bh6 gxh6 17. Qxf6 Be5 18. Qxh6 Qd6 19. Qg5+ Ng6 20. Rfe1 Bf4 21. Rxe8+ Rxe8 22. Nf6+ Kg7 23. Nxe8+ Bxe8 24. h5 Bxg5 0-1

[Event "Spring Open 2024"]
[Site "?"]
[Date "2024.02.18"]
[Round "4"]
[White "Thompson, Chris"]
[Black "Hill, Glyn"]
[Result "0-1"]
[WhiteElo "1009"]
[BlackElo "1057"]
[PlyCount "114"]
[SourceVersionDate "2024.04.25"]

1. d4 Nf6 2. Bf4 e5 3. Bxe5 Bb4+ 4. c3 Bd6 5. Bg3 O-O 6. e3 b6 7. Nf3 Ba6 8. Bd3 c5 9. Qe2 Bxd3 10. Qxd3 Nc6 11. Ne5 Qc7 12. f4 Bxe5 13. dxe5 Ng4 14. h3 Nh6 15. Nd2 Ne7 16. Bh2 Nef5 17. g4 Ne7 18. Nf3 c4 19. Qc2 f5 20. O-O-O g6 21. g5 Nf7 22. e4 h6 23. gxh6 Nxh6 24. exf5 Nhxf5 25. Rde1 b5 26. Rhg1 Kg7 27. h4 Rh8 28. Rg4 Qc6 29. Nd4 Nxd4 30. cxd4 Qf3 31. Reg1 Qe3+ 32. Kb1 Rh6 33. h5 Rah8 34. d5 Rxh5 35. Rxg6+ Kf7 36. e6+ Ke8 37. exd7+ Kxd7 38. Re6 Rxh2 39. Rxe3 Rxc2 40. Kxc2 Nxd5 41. Rg7+ Kc8 42. Rf3 Nb4+ 43. Kc3 Nxa2+ 44. Kd4 Rd8+ 45. Kc5 a6 46. Ra3 Nc1 47. Rxa6 Nd3+ 48. Kxb5 Rd7 49. Rg8+ Kb7 50. Rh6 Ka7 51. Kc6 Rf7 52. b4 Rf6+ 53. Kb5 Rxh6 54. Kxc4 Nxf4 55. b5 Ne6 56. Rg6 Kb7 57. Kd5 Nf4+ 0-1

[Event "Spring Open 2024"]
[Site "?"]
[Date "2024.02.18"]
[Round "5"]
[White "Bullen, Alex"]
[Black "Camacho Collados, Jose"]
[Result "0-1"]
[WhiteElo "2147"]
[BlackElo "2371"]
[PlyCount "66"]
[SourceVersionDate "2024.04.25"]

1. d4 Nf6 2. Nf3 d5 3. c4 e6 4. e3 a6 5. b3 Nbd7 6. Bd3 b6 7. Bb2 Bb7 8. O-O Bd6 9. Nbd2 O-O 10. a3 Ne4 11. b4 c5 12. cxd5 exd5 13. bxc5 bxc5 14. Qc2 Re8 15. dxc5 Ndxc5 16. Nb3 Na4 17. Nbd4 Qd7 18. Rfc1 g6 19. Qe2 Rab8 20. Ra2 Rec8 21. Rxc8+ Rxc8 22. Ra1 Qe7 23. Nb3 Nec3 24. Bxc3 Rxc3 25. Na5 Nc5 26. Rb1 Nxd3 27. Nxb7 Bxa3 28. h3 Bb4 29. Rd1 Qxb7 30. Rxd3 Qb5 31. Ne5 Bd6 32. Qd1 Bxe5 33. Rxd5 Qxd5 0-1

[Event "Spring Open 2024"]
[Site "?"]
[Date "2024.02.18"]
[Round "5"]
[White "Brown, Thomas"]
[Black "Richmond, Jane"]
[Result "1-0"]
[WhiteElo "2128"]
[BlackElo "2064"]
[PlyCount "75"]
[SourceVersionDate "2024.04.25"]

1. d4 Nf6 2. c4 e6 3. Nc3 Bb4 4. a3 Bxc3+ 5. bxc3 c5 6. f3 d6 7. e4 e5 8. d5 Nbd7 9. Bd3 h6 10. Ne2 g5 11. Bc2 Nf8 12. Ba4+ Ke7 13. h4 N8h7 14. Be3 Rg8 15. hxg5 hxg5 16. Qc2 Kf8 17. Kd2 Rg7 18. Ng3 Ng8 19. Rh2 f6 20. Rah1 Qc7 21. Kd3 Qf7 22. Nh5 Rg6 23. g4 Ne7 24. Ng3 Rg7 25. Rh6 Ng6 26. Qh2 Nh4 27. Ke2 Kg8 28. Bf2 Ng6 29. Nh5 Nf4+ 30. Nxf4 exf4 31. Be8 Qxe8 32. Rxh7 Bxg4 33. Rxg7+ Kxg7 34. Qh7+ Kf8 35. Qh8+ Ke7 36. Rh7+ Kd8 37. Qxf6+ Kc8 38. Rh8 1-0

[Event "Spring Open 2024"]
[Site "?"]
[Date "2024.02.18"]
[Round "5"]
[White "Fathallah, Joe"]
[Black "Dixon, Chris"]
[Result "1-0"]
[WhiteElo "2007"]
[BlackElo "1677"]
[PlyCount "98"]
[SourceVersionDate "2024.04.25"]

1. d4 Nf6 2. c4 g6 3. Nc3 Bg7 4. e4 O-O 5. Be3 d6 6. f3 Nc6 7. Nge2 a6 8. Qd2 Rb8 9. Nc1 e5 10. d5 Nd4 11. Nb3 c5 12. dxc6 Nxb3 13. c7 Qxc7 14. axb3 Be6 15. Be2 Nd7 16. Nd5 Bxd5 17. cxd5 Qd8 18. O-O Qe7 19. Rfc1 Rfc8 20. b4 Qd8 21. Ra3 Rxc1+ 22. Qxc1 Rc8 23. Rc3 Rxc3 24. Qxc3 Bf6 25. b5 axb5 26. Bxb5 Kg7 27. b4 Be7 28. Qa3 Qc8 29. Qc1 Qxc1+ 30. Bxc1 Nb8 31. Kf2 Kf8 32. Bh6+ Kg8 33. Bd2 Kf8 34. Ke2 Bd8 35. Kd3 Ke7 36. Kc4 Bb6 37. Ba4 f6 38. Bd1 Kd7 39. f4 Bd4 40. Bg4+ Kc7 41. Be6 Kb6 42. h3 Na6 43. Bg8 h6 44. fxe5 fxe5 45. Bxh6 Bf2 46. Bd2 Bh4 47. Bf7 g5 48. Be8 Nc7 49. Be3+ Ka6 1-0

[Event "Spring Open 2024"]
[Site "?"]
[Date "2024.02.18"]
[Round "5"]
[White "Tapp, James"]
[Black "Belochkin, David"]
[Result "1-0"]
[WhiteElo "1991"]
[BlackElo "1217"]
[PlyCount "89"]
[SourceVersionDate "2024.04.25"]

1. d4 d5 2. c4 c6 3. Nf3 Nf6 4. g3 Bf5 5. Nc3 e6 6. Qb3 Qc8 7. Nh4 Bg6 8. Bg2 Bd6 9. O-O Be4 10. f3 Bg6 11. e4 dxe4 12. fxe4 e5 13. d5 Nbd7 14. Qd1 Bh5 15. Bf3 Bxf3 16. Qxf3 cxd5 17. cxd5 Bc5+ 18. Be3 Bxe3+ 19. Qxe3 Qc5 20. Rfe1 Ng4 21. Qxc5 Nxc5 22. Rad1 Kd7 23. Re2 b6 24. Rf1 Rhf8 25. h3 Nf6 26. Kg2 Ne8 27. Nf3 f6 28. Nxe5+ Kd6 29. Nb5+ Ke7 30. Nc6+ Kd7 31. b4 Nb7 32. Ncxa7 Ned6 33. Rc1 Nxb5 34. Nxb5 Rfc8 35. Rec2 Rxc2+ 36. Rxc2 Nd6 37. Nxd6 Kxd6 38. Rc6+ Ke5 39. Re6+ Kd4 40. d6 Ke3 41. g4 Kf4 42. d7 Rxa2+ 43. Kf1 Kf3 44. Ke1 Ke3 45. d8=Q 1-0

[Event "Spring Open 2024"]
[Site "?"]
[Date "2024.02.18"]
[Round "5"]
[White "Rathbone-Jones, Ifan"]
[Black "Di-Vetta, Andrew"]
[Result "1-0"]
[WhiteElo "1941"]
[BlackElo "1643"]
[PlyCount "61"]
[SourceVersionDate "2024.04.25"]

1. Nf3 Nf6 2. d4 c6 3. g3 d5 4. Bg2 h6 5. O-O Bf5 6. c4 e6 7. Qb3 Qc8 8. Bf4 Be7 9. Nbd2 O-O 10. Rac1 Nbd7 11. Ne5 Nb6 12. cxd5 exd5 13. a4 g5 14. Be3 Ng4 15. Nxg4 Bxg4 16. a5 Nc4 17. Nxc4 dxc4 18. Qxc4 Qe6 19. d5 cxd5 20. Bxd5 Qd7 21. Rfd1 Qf5 22. Bxb7 Rad8 23. a6 Bf6 24. b4 Bh3 25. Bxa7 h5 26. Qe4 Qb5 27. Bc5 Rde8 28. Qc6 Qxe2 29. Qxf6 Re6 30. Qxg5+ Rg6 31. Qe3 1-0

[Event "Spring Open 2024"]
[Site "?"]
[Date "2024.02.18"]
[Round "5"]
[White "Westcott, Dale"]
[Black "Szakmany, Bence"]
[Result "0-1"]
[WhiteElo "1613"]
[BlackElo "1718"]
[PlyCount "60"]
[SourceVersionDate "2024.04.25"]

1. Nf3 Nf6 2. g3 d5 3. Bg2 Bf5 4. O-O e6 5. c4 c6 6. Qb3 Qb6 7. d3 h6 8. Be3 Qc7 9. Bf4 Qc8 10. Nc3 Nbd7 11. cxd5 Nxd5 12. Nxd5 exd5 13. e4 dxe4 14. dxe4 Be6 15. Qc3 Nf6 16. Nd4 Be7 17. Nxe6 Qxe6 18. Rfe1 O-O 19. a3 Rfd8 20. b4 Rac8 21. Rad1 Rxd1 22. Rxd1 Rd8 23. Rxd8+ Bxd8 24. Qe5 Qb3 25. Qb8 Qd1+ 26. Bf1 Kh7 27. Qxb7 Qf3 28. Qxf7 Bb6 29. Qa2 Ng4 30. Bg2 Bxf2+ 0-1

[Event "Spring Open 2024"]
[Site "?"]
[Date "2024.02.18"]
[Round "5"]
[White "Shreyas, Ghorpade"]
[Black "Cave, Iwan"]
[Result "0-1"]
[WhiteElo "1599"]
[BlackElo "1970"]
[PlyCount "120"]
[SourceVersionDate "2024.04.25"]

1. d4 Nf6 2. c4 e6 3. Nf3 d5 4. Bg5 h6 5. Bh4 Be7 6. e3 O-O 7. Qc2 b6 8. Be2 Bb7 9. O-O Nbd7 10. Nbd2 c5 11. dxc5 Nxc5 12. Rad1 Nce4 13. Nxe4 Nxe4 14. Bxe7 Qxe7 15. cxd5 Bxd5 16. Nd4 Rfc8 17. Qb1 Nf6 18. f3 e5 19. Nf5 Qe6 20. b3 e4 21. Nd4 Qe7 22. f4 Rc5 23. Rc1 Rac8 24. Rxc5 Qxc5 25. Qb2 Bb7 26. h3 Nd5 27. Nf5 Qc3 28. Qxc3 Rxc3 29. Kf2 Rc2 30. Nd4 Rxa2 31. Rc1 Ba6 32. Rc2 Rxc2 33. Nxc2 Bxe2 34. Kxe2 a6 35. Nd4 g6 36. g4 Kf8 37. f5 Ke7 38. fxg6 fxg6 39. Nc6+ Kf6 40. h4 h5 41. gxh5 gxh5 42. Nd4 Ke5 43. Kd2 a5 44. Ke2 Kd6 45. Nf5+ Kc5 46. Ng3 Nf6 47. Kd2 Kb4 48. Kc2 Ka3 49. Kc3 b5 50. Kc2 b4 51. Nf1 Nd5 52. Nd2 Nxe3+ 53. Kb1 Nf5 54. Kc2 Nd6 55. Nb1+ Ka2 56. Nd2 e3 57. Nf3 Nf5 58. Ng1 a4 59. bxa4 b3+ 60. Kd3 b2 0-1

[Event "Spring Open 2024"]
[Site "?"]
[Date "2024.02.18"]
[Round "5"]
[White "Lewis, David"]
[Black "Jukes, Sam"]
[Result "0-1"]
[WhiteElo "1613"]
[BlackElo "1891"]
[PlyCount "68"]
[SourceVersionDate "2024.04.25"]

1. d4 Nf6 2. Bf4 d5 3. e3 e6 4. Nf3 Bd6 5. Bg3 O-O 6. Nbd2 b6 7. Bd3 c5 8. c3 Ba6 9. Qe2 Bxd3 10. Qxd3 Nc6 11. Ne5 Bxe5 12. Bxe5 Nxe5 13. dxe5 Nd7 14. f4 f6 15. Nf3 fxe5 16. fxe5 Rf5 17. O-O Nxe5 18. Nxe5 Rxe5 19. Rf3 g6 20. Raf1 Rf5 21. e4 dxe4 22. Qxe4 Qd5 23. Qxd5 Rxd5 24. Rf7 Rf5 25. R1xf5 exf5 26. Rd7 a6 27. Kf2 b5 28. a3 c4 29. g3 Rb8 30. Kf3 Rb6 31. Kf4 Rf6 32. Ke5 Rf7 33. Ke6 Rxd7 34. Kxd7 g5 0-1

[Event "Spring Open 2024"]
[Site "?"]
[Date "2024.02.18"]
[Round "5"]
[White "Turner, Joseph David"]
[Black "Morgans, Justin"]
[Result "1-0"]
[WhiteElo "1847"]
[BlackElo "1626"]
[PlyCount "131"]
[SourceVersionDate "2024.04.25"]

1. e4 c5 2. d4 cxd4 3. c3 dxc3 4. Nxc3 Nc6 5. Nf3 d6 6. Bc4 e6 7. O-O Be7 8. Qe2 a6 9. a4 Nf6 10. Rd1 Qc7 11. h3 O-O 12. Bf4 e5 13. Bg5 Be6 14. Nd5 Bxd5 15. exd5 Na5 16. Bd3 Nb3 17. Bxf6 Bxf6 18. Rab1 Rac8 19. Bf5 Qc4 20. Qe3 Rc7 21. Qb6 Nd4 22. Nxd4 exd4 23. Qxd6 Rd8 24. Qf4 Re7 25. d6 Ree8 26. d7 Re7 27. Rdc1 Qxa4 28. Qc7 Rexd7 29. Bxd7 Qxd7 30. Qxd7 Rxd7 31. Rc8+ Rd8 32. Rxd8+ Bxd8 33. Kf1 g6 34. Ke2 d3+ 35. Kxd3 a5 36. Kc4 Be7 37. Kb5 Bb4 38. b3 Kg7 39. Rd1 g5 40. Rd7 Kg6 41. Rxb7 h5 42. Ka4 Be1 43. Rb6+ f6 44. Rb5 g4 45. hxg4 hxg4 46. f3 gxf3 47. gxf3 f5 48. Rxa5 Bxa5 49. Kxa5 Kg5 50. b4 Kf4 51. b5 Kxf3 52. b6 Kg2 53. b7 f4 54. b8=Q f3 55. Qg8+ Kf2 56. Qc4 Kg2 57. Qg4+ Kf2 58. Kb4 Ke2 59. Kc3 Ke3 60. Qd4+ Ke2 61. Qe4+ Kf2 62. Kd2 Kg3 63. Ke1 Kg2 64. Qg4+ Kh2 65. Kf2 Kh1 66. Qg1# 1-0

[Event "Spring Open 2024"]
[Site "?"]
[Date "2024.02.18"]
[Round "5"]
[White "Enoch, Kristan"]
[Black "Havard, Gwyn"]
[Result "1/2-1/2"]
[WhiteElo "1220"]
[BlackElo "1841"]
[PlyCount "63"]
[SourceVersionDate "2024.04.25"]

1. e4 d5 2. exd5 Nf6 3. d4 Bg4 4. Be2 Bxe2 5. Nxe2 Qxd5 6. O-O e6 7. Nbc3 Qd7 8. Bf4 Nc6 9. Nb5 Nd5 10. Bg3 a6 11. Nbc3 O-O-O 12. Ne4 f5 13. Nd2 g5 14. h3 f4 15. Bh2 h5 16. Ne4 Qg7 17. c3 e5 18. Qc2 g4 19. Kh1 f3 20. gxf3 gxf3 21. Rg1 Qh7 22. Nc1 Nf6 23. Re1 Kb8 24. Qd3 Qf5 25. Nxf6 Qxf6 26. dxe5 Qf7 27. Qe4 Rd2 28. Nd3 Bh6 29. Rad1 Rf8 30. Rxd2 Bxd2 31. Rg1 Qxa2 32. Qg6 1/2-1/2

[Event "Spring Open 2024"]
[Site "?"]
[Date "2024.02.18"]
[Round "5"]
[White "Jones, Steve"]
[Black "Richards, Gareth"]
[Result "0-1"]
[WhiteElo "1686"]
[BlackElo "1146"]
[PlyCount "104"]
[SourceVersionDate "2024.04.25"]

1. d4 d5 2. Nc3 Nf6 3. Bf4 Nc6 4. Nb5 e5 5. Bxe5 Bd6 6. Nxd6+ cxd6 7. Bf4 Bf5 8. c3 O-O 9. e3 a6 10. Bd3 Ne4 11. f3 Qh4+ 12. g3 Qf6 13. fxe4 dxe4 14. Be2 g5 15. g4 gxf4 16. gxf5 fxe3 17. Qc2 Qh4+ 18. Kd1 Kh8 19. Bc4 Qf4 20. Qe2 Rg8 21. Bxf7 Rg7 22. Be6 Nd8 23. Bb3 Nf7 24. Bxf7 Rxf7 25. Kc2 Rxf5 26. Nh3 Qh4 27. Raf1 Qxh3 28. Rxf5 Qxf5 29. Qxe3 d5 30. Rg1 Rg8 31. Rxg8+ Kxg8 32. Kb3 Kf7 33. Kb4 b6 34. a4 Qf3 35. Qh6 e3 36. Qxh7+ Ke6 37. Qh6+ Kf5 38. Qh7+ Kf4 39. Qc7+ Kg4 40. Qd7+ Qf5 41. Qg7+ Kf3 42. Qg3+ Ke2 43. Qg2+ Qf2 44. Qxd5 Qxh2 45. Qc4+ Kd2 46. Qxa6 e2 47. Qxb6 e1=Q 48. a5 Qe7+ 49. Qc5 Qb8+ 50. Ka3 Qxc5+ 51. dxc5 Qb5 52. b4 Kxc3 0-1

[Event "Spring Open 2024"]
[Site "?"]
[Date "2024.02.18"]
[Round "5"]
[White "Quinn, Peter"]
[Black "McGrath, Ethan"]
[Result "1-0"]
[WhiteElo "1632"]
[BlackElo "883"]
[PlyCount "96"]
[SourceVersionDate "2024.04.25"]

1. e4 c6 2. d3 d5 3. Nd2 dxe4 4. Nxe4 Bf5 5. Ng3 Bg6 6. Nf3 Nd7 7. Be3 Ngf6 8. Qd2 h6 9. Be2 e6 10. Qc3 a5 11. Qd2 Nd5 12. a3 N7f6 13. c4 Nxe3 14. fxe3 b5 15. O-O Bd6 16. d4 Bxg3 17. hxg3 Ne4 18. Qe1 bxc4 19. Ne5 Qc7 20. Nxg6 fxg6 21. Rf4 Nf6 22. Bxc4 Qd6 23. Qb1 Kf7 24. Bd3 g5 25. Bg6+ Ke7 26. Rf3 Rhf8 27. Qc2 Nd5 28. Raf1 Rf6 29. Be4 Raf8 30. Bxd5 cxd5 31. Rxf6 Rxf6 32. Qc5 Rxf1+ 33. Kxf1 Qxc5 34. dxc5 Kd7 35. g4 g6 36. Ke2 Kc6 37. b4 axb4 38. axb4 e5 39. Kd3 Kb5 40. Kc3 h5 41. Kd3 Kc6 42. e4 hxg4 43. exd5+ Kxd5 44. Ke3 e4 45. Kd2 g3 46. Ke3 g4 47. Ke2 g5 48. Ke3 Ke5 1-0

[Event "Spring Open 2024"]
[Site "?"]
[Date "2024.02.18"]
[Round "5"]
[White "Penny, Liam"]
[Black "Powell-Jones, Liam"]
[Result "1/2-1/2"]
[WhiteElo "1742"]
[BlackElo "1338"]
[PlyCount "67"]
[SourceVersionDate "2024.04.25"]

1. d4 Nf6 2. Nc3 d5 3. Bf4 c6 4. e3 Bf5 5. Nf3 Nbd7 6. Bd3 Bg6 7. h4 Qb6 8. Rb1 Nh5 9. Bh2 e6 10. Ne5 Nhf6 11. O-O Bd6 12. Kh1 Qc7 13. f4 Bh5 14. g4 Bxe5 15. gxh5 Bd6 16. Rg1 g6 17. hxg6 hxg6 18. Qe1 O-O-O 19. Ne2 Rh7 20. c4 Rdh8 21. c5 Be7 22. Bg3 Ne4 23. Bxe4 dxe4 24. Nc3 Bxh4 25. Kg2 Bxg3 26. Qxg3 Nf6 27. Rh1 Qd8 28. Rxh7 Rxh7 29. Rh1 Rxh1 30. Kxh1 Qh8+ 31. Kg2 Qh5 32. Qh3 Kd8 33. Qxh5 gxh5 34. Kg3 1/2-1/2

[Event "Spring Open 2024"]
[Site "?"]
[Date "2024.02.18"]
[Round "5"]
[White "Enoch, Stuart"]
[Black "Hurn, Robert"]
[Result "1/2-1/2"]
[WhiteElo "1294"]
[BlackElo "1513"]
[PlyCount "84"]
[SourceVersionDate "2024.04.25"]

1. Nf3 Nf6 2. g3 g6 3. Bg2 Bg7 4. d4 d6 5. O-O O-O 6. Nbd2 Nbd7 7. a4 c6 8. Re1 e5 9. dxe5 dxe5 10. e4 Qc7 11. b3 Re8 12. Ba3 c5 13. Qe2 b6 14. Nc4 Bb7 15. Nfd2 Rad8 16. Rad1 Nf8 17. Nf1 Ne6 18. Rxd8 Rxd8 19. Bb2 Nd4 20. Bxd4 cxd4 21. Nfd2 Re8 22. Qd3 Nd7 23. Nf3 Nc5 24. Qd1 Nxe4 25. Qd3 f5 26. Nfd2 Nc3 27. Bxb7 Qxb7 28. Nd6 Qc6 29. Nxe8 Qxe8 30. Qxd4 e4 31. Qc4+ Kh8 32. Qc7 Nd5 33. Qc4 Nf6 34. Nf3 Ng4 35. Nd4 Qd7 36. c3 Ne5 37. Qf1 h5 38. Kg2 Qd5 39. Kg1 Kh7 40. Rd1 Nd3 41. Rxd3 exd3 42. Qxd3 Qe5 1/2-1/2

[Event "Spring Open 2024"]
[Site "?"]
[Date "2024.02.18"]
[Round "5"]
[White "Forsey, Tomas"]
[Black "Kong, Emma Zihan"]
[Result "1-0"]
[WhiteElo "1502"]
[BlackElo "1314"]
[PlyCount "115"]
[SourceVersionDate "2024.04.25"]

1. c4 e5 2. Nc3 Bb4 3. e4 Bxc3 4. bxc3 Nf6 5. d3 d6 6. g3 O-O 7. Bg2 Nbd7 8. Ne2 Nc5 9. O-O Bd7 10. h3 Qc8 11. Kh2 h6 12. f4 exf4 13. gxf4 Kh8 14. f5 c6 15. Bf4 d5 16. Bd6 b6 17. Bxf8 Qxf8 18. cxd5 Qd6+ 19. Kh1 cxd5 20. e5 Qxe5 21. d4 Qd6 22. dxc5 bxc5 23. c4 Re8 24. cxd5 Nh5 25. Bf3 Re3 26. Qe1 Bb5 27. Qf2 Rxf3 28. Qxf3 Bxe2 29. Qg2 Bxf1 30. Rxf1 Ng3+ 31. Kg1 Nxf1 32. Kxf1 Kg8 33. Qe4 Kf8 34. Kg2 Qe7 35. Qd3 Qg5+ 36. Kh2 Qf4+ 37. Kg2 Qd4 38. Qxd4 cxd4 39. Kf3 Ke7 40. Ke4 d3 41. Kxd3 Kd6 42. Kd4 g5 43. fxg6 fxg6 44. Ke4 a6 45. a3 a5 46. a4 g5 47. Kf5 Kxd5 48. Kg6 Kc4 49. Kxh6 Kb4 50. Kxg5 Kxa4 51. h4 Kb3 52. h5 a4 53. h6 a3 54. h7 a2 55. h8=Q Kc2 56. Qa1 Kb3 57. Kf4 Ka3 58. Ke3 1-0